[Event "Tournoi n27400"]
[Site "www.echecsemail.com"]
[Date "2026.01.29"]
[Round "1"]
[White "Alain64"]
[Black "Willkommen54"]
[WhiteElo "2090"]
[BlackElo "2020"]
[Result "1/2-1/2"]
1.f4 d5
2.Ng1f3 Ng8f6
3.e3 a6
4.c4 e6
5.d4 Bf8e7
6.Bf1d3 Nb8d7
7.O-O O-O
8.Nb1c3 c5
9.a3 Qd8c7
10.cxd5 exd5
11.Nf3e5 b5
12.dxc5 Nd7xc5
13.b4 Nc5xd3
14.Qd1xd3 Bc8b7
15.Bc1b2 Ra8d8
16.Ra1c1 Qc7b8
17.Rf1d1 Qb8a7
18.Rd1e1 Be7d6
19.Nc3e2 Rd8c8
20.Bb2d4 Qa7b8
21.Ne2g3 Rc8xc1
22.Re1xc1 Rf8c8
23.Rc1xc8 Qb8xc8
24.Qd3d2 Bd6xe5
25.Bd4xe5 Nf6e4
26.Ng3xe4 dxe4
27.h3 h6
28.Kh2 Kh7
29.Qd2d4 f6
30.Be5d6 Qc8c6
31.Bd6c5 { nul }1/2-1/2

[Event "Transval 3"]
[Site "www.echecsemail.com"]
[Date "2026.01.29"]
[Round "1"]
[White "Petitlulu64"]
[Black "Patau"]
[WhiteElo "1690"]
[BlackElo "1720"]
[Result "0-1"]
1.d4 d5
2.Ng1f3 Ng8f6
3.Nb1c3 e6
4.Bc1g5 h6
5.Bg5h4 Bf8e7
6.Nf3e5 O-O
7.e3 c5
8.Nc3e2 cxd4
9.Ne2xd4 Nf6e4
10.Bf1d3 Be7xh4
11.g3 Bh4f6
12.Ne5g4 Nb8c6
13.Nd4xc6 bxc6
14.f3 Ne4c5
15.c3 Nc5xd3
16.Qd1xd3 a5
17.O-O-O Bc8a6
18.Qd3c2 Bf6g5
19.h4 Bg5e7
20.Kb1 Qd8b6
21.Ka1 Be7c5
22.Ng4e5 Rf8d8
23.Qc2d2 Bc5xe3
24.Qd2c2 Ra8b8
25.f4 f6
26.Ne5g6 Be3f2
27.g4 Rb8b7
28.f5 exf5
29.gxf5 Rd8e8
30.Rh1h2 Re8e2
31.Qc2c1 Bf2e3
32.Qc1b1 Re2xh2
33.Rd1e1 Rh2xb2
34.Ng6e7 Kf7
35.Qb1d1 Rb7xe7
36.Qd1h5 Kg8
37.Qh5d1 Ba6c4
38.Qd1a4 Rb2xa2
39.Qa4xa2 Bc4xa2
40.Kxa2 Qb6c5
{ abandon }0-1

[Event "Eq:modesty-O fou d hello :"]
[Site "www.echecsemail.com"]
[Date "2026.01.29"]
[Round "1"]
[White "Thierry7ardeche"]
[Black "Daimyo"]
[WhiteElo "2090"]
[BlackElo "1410"]
[Result "1-0"]
1.e4 e5
2.Bf1c4 Ng8f6
3.d4 Nf6xe4
4.dxe5 Qd8h4
5.Qd1e2 Nb8c6
6.g3 Bf8b4
7.c3 Bb4a5
8.gxh4 { abandon }1-0

[Event "MI6A"]
[Site "www.echecsemail.com"]
[Date "2026.01.29"]
[Round "1"]
[White "Rvsinovitch"]
[Black "Pherce"]
[WhiteElo "2020"]
[BlackElo "2230"]
[Result "0-1"]
1.e4 e5
2.Ng1f3 Nb8c6
3.Bf1b5 Ng8f6
4.d3 Bf8c5
5.c3 O-O
6.O-O d5
7.exd5 Qd8xd5
8.Bb5c4 Qd5d8
9.Bc1g5 h6
10.Bg5h4 a6
11.a4 Qd8d6
12.b4 Bc5a7
13.h3 Nf6d7
14.Nb1d2 Nd7f6
15.Nd2e4 Nf6xe4
16.dxe4 Qd6g6
17.Kh2 Bc8e6
18.Bc4xe6 Qg6xe6
19.Qd1c2 f6
20.Ra1d1 Ra8d8
21.Bh4g3 Rd8xd1
22.Rf1xd1 Rf8d8
23.Rd1xd8 Nc6xd8
24.c4 Qe6d6
25.c5 Qd6d7
26.Qc2c4 Qd7f7
27.Qc4d5 Nd8c6
28.b5 axb5
29.axb5 Qf7xd5
30.exd5 Nc6b4
31.d6 cxd6
32.cxd6 Kf7
33.Nf3d2 Ke6
34.Nd2c4 Ba7c5
35.h4 Bc5xd6
36.Nc4xd6 Kxd6
37.f3 Nb4d3
38.Kh3 Kc5
39.Kg4 g6
40.h5 f5
41.Kh3 g5
42.Bg3h2 Kxb5
43.Bh2g1 Nd3f4
44.Kg3 Nf4xh5
45.Kf2 Nh5f4
46.Bg1h2 Kc4
47.g3 Nf4d3
48.Ke2 Kc3
49.Bh2g1 b5
50.Bg1e3 f4
51.gxf4 gxf4
52.Be3d2 Kc2
53.Bd2a5 b4
54.Ba5c7 b3
{ abandon }0-1

[Event "Défi"]
[Site "www.echecsemail.com"]
[Date "2026.01.29"]
[Round "1"]
[White "Arno"]
[Black "Roquefort"]
[WhiteElo "1770"]
[BlackElo "1860"]
[Result "0-1"]
1.d4 Ng8f6
2.Bc1f4 c5
3.e3 cxd4
4.exd4 d6
5.Ng1f3 Bc8g4
6.Nb1d2 e6
7.c3 Bf8e7
8.Qd1b3 b6
9.Bf1b5 Nb8d7
10.O-O O-O
11.h3 Bg4h5
12.Bb5c6 Ra8c8
13.Bc6xd7 Qd8xd7
14.Bf4g5 h6
15.Bg5h4 Nf6d5
16.Nd2e4 Bh5xf3
17.Bh4xe7 Qd7xe7
18.gxf3 Nd5f4
19.Kh2 Qe7h4
20.Rf1h1 Qh4xh3
21.Kg1 Nf4e2
0-1

[Event "CHATURANGA"]
[Site "www.echecsemail.com"]
[Date "2026.01.29"]
[Round "1"]
[White "4x4"]
[Black "Woluwe1975"]
[WhiteElo "1450"]
[BlackElo "1640"]
[Result "0-1"]
1.e4 e5
2.Ng1f3 Ng8f6
3.Bf1c4 d5
4.Bc4xd5 Nf6xd5
5.exd5 e4
6.Nf3d4 Qd8xd5
7.c3 Bf8c5
8.d3 Bc5xd4
9.dxe4 Qd5xe4
10.Qd1e2 Qe4xe2
11.Kxe2 Bd4f6
12.Bc1e3 O-O
13.Nb1d2 Rf8e8
14.Nd2f3 Bc8f5
15.Nf3d4 Bf5d7
16.Rh1e1 Nb8c6
17.Nd4xc6 Bd7xc6
18.f3 a6
19.Kf2 Ra8d8
20.g3 b5
21.Ra1d1 Bc6b7
22.Rd1xd8 Bf6xd8
23.Be3f4 Re8xe1
24.Kxe1 c6
25.Bf4e3 g6
26.f4 f5
27.b4 a5
28.a3 axb4
29.axb4 Bd8f6
30.Be3d4 Kf7
31.Kd2 Ke6
32.Ke3 h6
33.Kd3 g5
34.Bd4e3 g4
35.c4 h5
36.c5 Kd5
37.Be3d2 Bb7c8
38.Bd2c3 Bf6xc3
39.Kxc3 Ke4
40.Kd2 Kf3
41.Kd3 Kg2
42.Kd4 Kxh2
43.Ke5 Kxg3
44.Kd6 Kxf4
45.Kxc6 g3
46.Kxb5 g2
47.Kc6 g1Q
48.b5 Qg1d4
49.b6 Qd4d7
0-1

[Event "CHATURANGA"]
[Site "www.echecsemail.com"]
[Date "2026.01.29"]
[Round "1"]
[White "Woluwe1975"]
[Black "4x4"]
[WhiteElo "1640"]
[BlackElo "1450"]
[Result "1-0"]
1.e4 e5
2.Ng1f3 Ng8f6
3.Bf1c4 d6
4.Nb1c3 Bc8e6
5.Bc4b5 c6
6.Bb5a4 b5
7.Ba4b3 Bf8e7
8.d3 Nb8d7
9.O-O Nd7c5
10.Nf3g5 Nc5xb3
11.axb3 h6
12.Ng5xe6 fxe6
13.f4 exf4
14.Bc1xf4 e5
15.Bf4e3 Qd8d7
16.Ra1a6 c5
17.Qd1a1 Kf7
18.Nc3d5 Ke6
19.Nd5b6 Qd7b7
20.Nb6xa8 Rh8xa8
21.Qa1a2 g5
22.Rf1a1 Be7d8
23.b4 Ke7
24.c3 Bd8b6
25.Qa2b1 Nf6g4
26.Be3f2 Ng4xf2
27.Kxf2 Ke6
28.g4 c4
29.d4 exd4
30.cxd4 Bb6xd4
31.Kf3 Ke5
32.Ra1a5 d5
33.Ra6xh6 Ra8f8
34.Kg3 dxe4
35.Ra5a6 Rf8f3
36.Kg2 Rf3f2
37.Kg3 Rf2f3
38.Kg2 Kf4
39.Qb1c1 Bd4e3
40.Rh6f6 Kxg4
41.Qc1d1 Be3f4
42.h3 Kh5
43.Rf6h6 1-0

[Event "Tournoi n27404"]
[Site "www.echecsemail.com"]
[Date "2026.01.29"]
[Round "1"]
[White "Abelito"]
[Black "Hermite"]
[WhiteElo "1530"]
[BlackElo "1530"]
[Result "1-0"]
1.e4 e5
2.Bf1c4 d6
3.Nb1c3 Ng8f6
4.Ng1f3 Bf8e7
5.O-O O-O
6.b4 c6
7.a4 a6
8.a5 b6
9.d3 b5
10.Bc4b3 Nb8d7
11.d4 Bc8b7
12.d5 Ra8c8
13.Bc1e3 cxd5
14.exd5 Rc8xc3
15.Qd1d2 Qd8c8
16.h3 Qc8a8
17.Qd2xc3 Nf6xd5
18.Qc3d2 Nd5xe3
19.Qd2xe3 e4
20.Qe3e2 Rf8e8
21.Nf3d4 Be7g5
22.c4 e3
23.f3 bxc4
24.Bb3xc4 d5
25.Bc4d3 Nd7f6
26.g3 Nf6h5
27.Qe2c2 h6
28.Bd3h7 Kh8
29.Nd4e2 d4
30.g4 Nh5f6
31.Bh7d3 Bb7xf3
32.Ne2xd4 Bf3d5
33.b5 axb5
34.Bd3xb5 Re8c8
35.Qc2e2 Rc8c5
36.Nd4f3 Bd5e4
37.Nf3xg5 Rc5xg5
38.Bb5d3 h5
39.Qe2xe3 Be4h1
40.Rf1f2 Qa8d5
41.Kh2 Bh1e4
42.Bd3xe4 Nf6xe4
43.Rf2f5 Rg5xf5
44.gxf5 Ne4f6
45.Ra1a4 Qd5xf5
46.Ra4a2 Qf5d5
47.Ra2a3 Qd5d6
48.Kg2 Qd6c6
49.Kf1 Nf6e4
50.a6 Qc6f6
51.Ke1 Qf6h4
52.Ke2 Qh4e7
53.a7 Ne4g3
54.Kd1 Qe7d8
55.Ra3d3 Qd8a5
56.Qe3e8 Kh7
57.a8Q { abandon }1-0

[Event "Amical( 10J+24H/c 10J Max )"]
[Site "www.echecsemail.com"]
[Date "2026.01.29"]
[Round "1"]
[White "Patau"]
[Black "Woluwe1975"]
[WhiteElo "1730"]
[BlackElo "1610"]
[Result "1-0"]
1.e4 e5
2.Ng1f3 Ng8f6
3.Nb1c3 d6
4.d4 exd4
5.Qd1xd4 Bf8e7
6.Bf1c4 h6
7.O-O O-O
8.Bc1e3 Nb8c6
9.Qd4d2 Nc6e5
10.Nf3xe5 dxe5
11.Be3xh6 gxh6
12.Qd2xh6 Rf8e8
13.Ra1d1 Bc8d7
14.Rd1d3 Be7f8
15.Rd3g3 Nf6g4
16.Rg3xg4 Bd7xg4
17.Qh6g6 Kh8
18.Qg6xg4 Bf8g7
19.Qg4h5 Kg8
20.Qh5xf7 Kh7
21.Qf7h5 Bg7h6
22.Rf1d1 Qd8f6
23.Rd1d7 Re8e7
24.Rd7xe7 Qf6xe7
25.Nc3d5 Qe7f8
26.Qh5xe5 Bh6g7
27.Qe5h5 Bg7h6
28.e5 Kh8
29.Nd5f6 Ra8d8
30.Bc4d3 Qf8g7
31.Qh5f5 Rd8f8
32.Qf5g6 Qg7xg6
33.Bd3xg6 Kg7
34.Bg6e4 c6
35.g3 Rf8d8
36.Be4d3 Kf7
37.Bd3c4 Kg6
38.Bc4d3 Kf7
39.f4 b6
40.Kf2 c5
41.b3 a5
42.Bd3c4 Ke7
43.Nf6d5 Ke8
44.Nd5f6 Ke7
45.Nf6g8 Rd8xg8
46.Bc4xg8 Bh6f8
47.c4 Kd7
48.Ke3 Kc6
49.Bg8d5 Kd7
50.Ke4 { abandon }1-0

[Event "Eq:La Diagonale du Fou-Pirates du Mat :"]
[Site "www.echecsemail.com"]
[Date "2026.01.29"]
[Round "1"]
[White "Mimimosa"]
[Black "Sp52"]
[WhiteElo "2240"]
[BlackElo "2400"]
[Result "1-0"]
1.e4 e5
2.Ng1f3 Nb8c6
3.d4 exd4
4.Nf3xd4 Bf8c5
5.Nd4b3 Bc5b6
6.Nb1c3 Ng8f6
7.Qd1e2 O-O
8.Bc1e3 Bb6xe3
9.Qe2xe3 d6
10.O-O-O Qd8e7
11.h3 Rf8e8
12.Bf1d3 Bc8e6
13.g4 Nc6b4
14.Rh1e1 c5
15.Bd3b5 Re8d8
16.g5 Nf6d7
17.f4 Be6xb3
18.axb3 a6
19.Bb5f1 b5
20.h4 f6
21.Bf1h3 Nd7f8
22.h5 fxg5
23.fxg5 Kh8
24.Nc3d5 Nb4xd5
25.Rd1xd5 Nf8e6
26.e5 Ne6xg5
27.Bh3g2 Ng5f7
28.exd6 Qe7xe3
29.Re1xe3 Ra8b8
30.d7 g6
31.hxg6 hxg6
32.Bg2h3 Kg7
33.Rd5xc5 Nf7d6
34.Rc5c6 Nd6f5
35.Bh3xf5 gxf5
36.Re3e7 Kf8
37.Re7h7 Rb8b7
38.Rc6f6 Kg8
39.Rf6f7 b4
40.Rh7g7 Kh8
41.Rf7e7 f4
42.Kd2 Rb7c7
43.c4 bxc3
44.bxc3 a5
45.Re7e8 Kxg7
46.Re8xd8 Kf7
47.Rd8f8 { abandon }1-0

[Event "Défi( 10J+24H/c 10J Max )"]
[Site "www.echecsemail.com"]
[Date "2026.01.29"]
[Round "1"]
[White "Patau"]
[Black "Pourquoipas"]
[WhiteElo "1700"]
[BlackElo "1640"]
[Result "1-0"]
1.e4 e5
2.Ng1f3 Ng8f6
3.Nb1c3 Nb8c6
4.d4 d5
5.dxe5 dxe4
6.Qd1xd8 Nc6xd8
7.exf6 exf3
8.gxf3 Nd8c6
9.Bc1g5 Bc8f5
10.O-O-O Bf8d6
11.fxg7 Rh8g8
12.Rd1e1 Kd7
13.Bf1d3 Bf5xd3
14.cxd3 Rg8xg7
15.Rh1g1 Ra8g8
16.Nc3e4 Nc6d4
17.Ne4f6 Kc6
18.Nf6xg8 Nd4xf3
19.Ng8e7 Kd7
20.Ne7f5 Rg7xg5
21.Rg1xg5 Nf3xg5
22.Nf5xd6 Kxd6
23.Re1e3 f5
24.Re3e8 Ng5f3
25.Re8h8 Nf3g5
26.f4 Ng5e4
27.dxe4 { abandon }1-0

[Event "Défi"]
[Site "www.echecsemail.com"]
[Date "2026.01.29"]
[Round "1"]
[White "Alain34"]
[Black "Arno"]
[WhiteElo "2080"]
[BlackElo "1770"]
[Result "1-0"]
1.e4 Nb8c6
2.d4 e5
3.d5 Nc6e7
4.f4 exf4
5.Bc1xf4 Ne7g6
6.Bf4g3 Bf8c5
7.Nb1c3 Ng8e7
8.Ng1f3 d6
9.Nc3a4 Bc5b4
10.c3 Bb4a5
11.b4 Ba5b6
12.Na4xb6 axb6
13.Bf1e2 O-O
14.O-O f5
15.exf5 Ne7xf5
16.Bg3f2 Ng6f4
17.Be2c4 Qd8e8
18.Qd1d2 Nf4g6
19.Ra1e1 Qe8d8
20.Nf3d4 Ng6e5
21.Bc4b3 Ne5g4
22.Nd4e6 Bc8xe6
23.dxe6 Ng4xf2
24.e7 { abandon }1-0

[Event "Défi( 20J+48H/c 20J Max )"]
[Site "www.echecsemail.com"]
[Date "2026.01.29"]
[Round "1"]
[White "Majula"]
[Black "Trebuchet"]
[WhiteElo "1620"]
[BlackElo "1959"]
[Result "0-1"]
1.d4 d5
2.c4 e6
3.c5 Ng8f6
4.Ng1f3 Bf8e7
5.h3 b6
6.b4 a5
7.a4 axb4
8.Bc1f4 bxc5
9.dxc5 Be7xc5
10.Nb1d2 Bc5d6
11.e3 Bd6xf4
12.exf4 O-O
13.Bf1b5 c6
14.Bb5d3 Bc8a6
15.Qd1c2 Ba6xd3
16.Qc2xd3 Qd8b6
17.O-O c5
18.Rf1e1 Nb8d7
19.Nf3e5 c4
20.Nd2xc4 Qb6a6
21.a5 dxc4
22.Ne5xc4 Rf8c8
23.Re1c1 Nf6d5
24.g3 Nd7f6
25.g4 Nd5xf4
26.Kf1 Nf4xd3
{ abandon }0-1

[Event "Défi"]
[Site "www.echecsemail.com"]
[Date "2026.01.29"]
[Round "1"]
[White "Turbo"]
[Black "Kerenor"]
[WhiteElo "1290"]
[BlackElo "1570"]
[Result "0-1"]
1.d4 d5
2.Ng1f3 Nb8c6
3.e3 a6
4.c4 Ng8f6
5.c5 Bc8g4
6.h3 Bg4h5
7.Bf1e2 Bh5g6
8.O-O e6
9.a3 Bf8e7
10.Nf3h4 Qd8d7
11.b4 Nf6e4
12.Nh4xg6 hxg6
13.Nb1d2 Ne4c3
14.Qd1e1 e5
15.dxe5 Nc6xe5
16.f4 Nc3xe2
17.Qe1xe2 Ne5c6
18.Bc1b2 f6
19.Nd2f3 O-O-O
20.a4 Nc6xb4
21.Bb2d4 Nb4c6
22.Ra1b1 Nc6a5
23.Qe2b2 Qd7c6
24.Qb2d2 Na5c4
25.Rb1a1 Nc4xd2
26.Nf3xd2 Be7xc5
27.Rf1c1 b6
28.Nd2b3 Qc6d6
29.Nb3xc5 bxc5
30.Bd4c3 Qd6e6
31.Ra1b1 Qe6xe3
32.Kh1 Qe3xf4
33.Rc1c2 Qf4e4
34.Rc2b2 d4
35.Bc3a5 Rh8xh3
36.Kg1 Rh3g3
37.Ba5e1 Rg3g5
38.Rb2b8 Kd7
39.g3 Qe4e3
40.Be1f2 Rg5xg3
41.Kf1 Qe3d3
42.Ke1 Qd3c3
43.Kf1 Qc3d3
44.Ke1 Qd3e4
45.Kf1 Rg3h3
46.Rb1e1 Qe4h1
47.Ke2 Qh1e4
48.Kd1 Rh3d3
49.Kc2 Qe4f5
50.Bf2g1 Rd3e3
51.Kd1 Rd8xb8
{ abandon }0-1

[Event "Tournoi n27370"]
[Site "www.echecsemail.com"]
[Date "2026.01.29"]
[Round "1"]
[White "Gonzok67"]
[Black "Saruman"]
[WhiteElo "1880"]
[BlackElo "1690"]
[Result "0-1"]
1.e4 e5
2.Ng1f3 Nb8c6
3.d4 d5
4.exd5 Qd8xd5
5.Nb1c3 Qd5d8
6.d5 Nc6b4
7.Bf1c4 Ng8f6
8.Nf3xe5 Qd8e7
9.Qd1e2 Nb4xc2
10.Qe2xc2 Qe7xe5
11.Qc2e2 Bf8d6
12.O-O O-O
13.Nc3b5 Qe5xh2
0-1

[Event "Eq:les modestes-modesty :"]
[Site "www.echecsemail.com"]
[Date "2026.01.29"]
[Round "1"]
[White "Escargot08"]
[Black "Letyjo"]
[WhiteElo "2830"]
[BlackElo "2760"]
[Result "1/2-1/2"]
1.e4 c5
2.Ng1f3 d6
3.d4 cxd4
4.Nf3xd4 Ng8f6
5.Nb1c3 Nb8c6
6.Bc1g5 e6
7.Qd1d2 a6
8.O-O-O h6
9.Nd4xc6 bxc6
10.Bg5f4 d5
11.Qd2e3 Bf8b4
12.Bf1e2 O-O
13.e5 Nf6h7
14.a3 Bb4e7
15.Nc3e4 Nh7g5
16.Ne4g3 f6
17.exf6 Be7xf6
18.Ng3h5 Ng5f7
19.Nh5xf6 Qd8xf6
20.Bf4c7 e5
21.f4 Rf8e8
22.Rh1f1 Bc8f5
23.fxe5 Nf7xe5
24.Qe3g3 Ra8a7
25.Bc7a5 Ne5c4
26.Be2xc4 { nul }1/2-1/2

[Event "Défi( 10J+24H/c 10J Max )"]
[Site "www.echecsemail.com"]
[Date "2026.01.29"]
[Round "1"]
[White "4x4"]
[Black "Ys07"]
[WhiteElo "1480"]
[BlackElo "1400"]
[Result "0-1"]
1.e4 Nb8c6
2.d3 e5
3.Ng1f3 h6
4.Nb1c3 Ng8f6
5.Bc1e3 d6
6.Qd1d2 b6
7.O-O-O Bc8a6
8.b3 Nc6b4
9.Kb2 c5
10.a3 Nb4c6
11.Nc3d5 Nf6xd5
12.c4 Nd5xe3
13.fxe3 f6
14.g4 g5
15.h3 b5
16.h4 Ra8b8
17.h5 b4
18.a4 Qd8d7
19.d4 cxd4
20.exd4 Bf8e7
21.d5 Nc6a5
22.Nf3e1 O-O
23.Ne1c2 Qd7xg4
24.Nc2e3 Qg4xe4
25.Rh1g1 f5
26.Bf1g2 Na5xc4
27.bxc4 Qe4h4
28.Kb3 Be7d8
29.Rd1f1 Bd8a5
30.Ne3xf5 Qh4xc4
31.Kb2 Rf8xf5
32.Rf1xf5 e4
33.Rg1c1 Qc4d3
34.Qd2xd3 exd3
35.Rc1c6 Ba6c8
36.Rf5f6 d2
37.Bg2f3 g4
38.Rf6g6 Kf7
39.Rg6xh6 gxf3
40.Rc6xd6 b3
41.Rd6f6 Kg7
42.Rh6g6 Kh7
43.Rf6xf3 d1Q
44.Rf3f7 Kh8
45.Rg6e6 Bc8xe6
46.dxe6 Qd1c2
47.Ka3 Ba5b4
0-1

[Event "Michael Tal 30"]
[Site "www.echecsemail.com"]
[Date "2026.01.29"]
[Round "1"]
[White "Orosco"]
[Black "Connecticcut"]
[WhiteElo "2220"]
[BlackElo "1900"]
[Result "1-0"]
1.e4 e5
2.f4 exf4
3.Bf1c4 Qd8h4
4.Kf1 d6
5.Ng1f3 Qh4g4
6.d4 Ng8f6
7.Nb1c3 c6
8.h3 Qg4g3
9.Nc3e2 Qg3g6
10.Ne2xf4 Qg6xe4
11.Nf3g5 Qe4e7
12.Bc4xf7 Kd8
13.Kg1 h6
14.Nf4g6 Qe7c7
15.Ng5e6 Bc8xe6
16.Bf7xe6 Rh8h7
17.Ng6xf8 Qc7e7
18.Nf8xh7 Qe7xe6
19.Nh7xf6 Qe6xf6
20.Kh2 Nb8d7
21.Rh1f1 Qf6g6
22.Bc1f4 Kc7
23.Qd1d2 Nd7b6
24.Bf4g3 Ra8d8
25.Ra1e1 Rd8d7
26.Rf1f8 Rd7f7
27.Rf8e8 Nb6c8
28.Qd2a5 Kb8
29.Re8xc8 Kxc8
30.Re1e8 { abandon }1-0

[Event "Tournoi n27422"]
[Site "www.echecsemail.com"]
[Date "2026.01.29"]
[Round "1"]
[White "Hermite"]
[Black "Wenoketo"]
[WhiteElo "1570"]
[BlackElo "1710"]
[Result "0-1"]
1.e4 c6
2.Ng1f3 e6
3.d3 d5
4.Bf1e2 Bf8e7
5.Nf3e5 Nb8d7
6.Ne5xd7 Bc8xd7
7.O-O dxe4
8.dxe4 Ng8f6
9.Nb1d2 Qd8c7
10.Nd2f3 Nf6xe4
11.Be2d3 Ne4f6
12.Bd3e2 O-O
13.Bc1g5 h6
14.Bg5xf6 Be7xf6
15.c3 Ra8d8
16.Qd1d3 Bd7c8
17.Be2d1 Rd8xd3
{ abandon }0-1

[Event "Tournoi n27190"]
[Site "www.echecsemail.com"]
[Date "2026.01.29"]
[Round "1"]
[White "Verson"]
[Black "Chomi64"]
[WhiteElo "1750"]
[BlackElo "1760"]
[Result "1-0"]
1.d4 e5
2.e3 e4
3.c4 Ng8f6
4.Nb1c3 c6
5.Ng1e2 d5
6.Ne2g3 a6
7.cxd5 cxd5
8.Bf1e2 Nb8c6
9.O-O Bf8d6
10.Bc1d2 O-O
11.a3 h6
12.Ra1c1 Bc8e6
13.Nc3a2 Qd8b6
14.b4 Ra8c8
15.Qd1b3 Nc6a7
16.Rc1xc8 Rf8xc8
17.Rf1c1 Rc8xc1
18.Na2xc1 Qb6c6
19.Qb3c3 Qc6xc3
20.Bd2xc3 Be6d7
21.Nc1b3 Na7b5
22.Bc3b2 b6
23.a4 Nb5c7
24.a5 b5
25.Nb3c5 Bd7c8
26.f3 exf3
27.Be2xf3 Bc8g4
28.e4 dxe4
29.Ng3xe4 Nf6xe4
30.Bf3xg4 Ne4f6
31.Bg4f3 Nf6d5
32.Bf3xd5 Nc7xd5
33.Nc5xa6 Bd6xb4
34.Na6xb4 Nd5xb4
35.Kf2 Nb4d3
36.Ke3 Nd3xb2
37.a6 Nb2a4
38.Kd3 Kf8
39.a7 Na4b6
40.Kc3 Ke7
41.Kb4 Kd7
42.Kxb5 Kc7
43.d5 Kb7
44.d6 g5
45.g4 Nb6d7
46.a8Q Kxa8
47.Kc6 Nd7e5
48.Kd5 Ne5d7
49.Kc6 Nd7f6
50.d7 Nf6xd7
51.Kxd7 { abandon }1-0

[Event "Eq:Royal Kids-Les Gens du Sud :"]
[Site "www.echecsemail.com"]
[Date "2026.01.29"]
[Round "1"]
[White "Tartu"]
[Black "Emmanuel69"]
[WhiteElo "1720"]
[BlackElo "1800"]
[Result "0-1"]
1.d4 d5
2.c4 c6
3.Nb1c3 Ng8f6
4.Ng1f3 e6
5.e3 Bf8e7
6.Bf1d3 O-O
7.cxd5 exd5
8.O-O Rf8e8
9.h3 Nb8d7
10.Rf1e1 Be7b4
11.a3 Bb4xc3
12.bxc3 h6
13.Qd1c2 Nd7b6
14.a4 a5
15.Nf3e5 Nb6d7
16.Ne5xd7 Qd8xd7
17.Bc1a3 Qd7d8
18.Bd3f5 Bc8xf5
19.Qc2xf5 Qd8d7
20.Qf5xd7 Nf6xd7
21.Ra1b1 b6
22.Kf1 f5
23.Ba3d6 Ra8a7
24.Re1c1 Re8e6
25.Bd6g3 Kf7
26.c4 Nd7f6
27.Bg3e5 Nf6d7
28.Be5g3 dxc4
29.Rc1xc4 Ra7b7
30.h4 g6
31.Kg1 h5
32.Rb1c1 c5
33.d5 Re6e8
34.Rc1b1 Rb7a7
35.Bg3f4 Kf6
36.Bf4g5 Ke5
37.f4 Kxd5
38.Rc4c3 Kc6
39.Kf2 Re8e4
40.Rc3a3 Nd7b8
41.Kf3 Ra7d7
42.Ra3b3 Re4b4
43.Bg5f6 Nb8a6
44.Rb3xb4 Na6xb4
45.g3 b5
46.axb5 Kxb5
47.e4 Rd7d3
48.Kf2 c4
49.exf5 gxf5
50.Rb1e1 c3
51.Re1e5 Ka4
52.Re5xf5 Nb4d5
53.Ke2 Rd3d2
54.Ke1 Kb3
55.Bf6xc3 Kxc3
56.Rf5xh5 a4
57.Rh5h8 a3
58.Rh8a8 a2
59.h5 Rd2b2
60.h6 Rb2b1
61.Ke2 a1Q
62.Ra8xa1 Rb1xa1
{ abandon }0-1

[Event "EKRAVENTUPHILIE"]
[Site "www.echecsemail.com"]
[Date "2026.01.29"]
[Round "1"]
[White "Luc20"]
[Black "4x4"]
[WhiteElo "1810"]
[BlackElo "1480"]
[Result "1-0"]
1.e4 e5
2.Ng1f3 Ng8f6
3.Nf3xe5 d6
4.Ne5f3 Nf6xe4
5.d4 d5
6.Nb1c3 Qd8e7
7.Nc3xd5 Qe7d7
8.Bf1c4 c6
9.Nf3e5 Qd7d6
10.Ne5xf7 Kxf7
11.Qd1f3 Kg8
12.Nd5e7 1-0

[Event "Coupe Niveau 3"]
[Site "www.echecsemail.com"]
[Date "2026.01.29"]
[Round "1"]
[White "Pascalou50"]
[Black "Luc20"]
[WhiteElo "1850"]
[BlackElo "1840"]
[Result "0-1"]
1.d4 d5
2.Ng1f3 Ng8f6
3.Bc1f4 c5
4.c3 Nb8c6
5.Nb1d2 Bc8f5
6.Nf3e5 e6
7.Nd2f3 h6
8.h3 Nc6xe5
9.Nf3xe5 Nf6d7
10.e3 Nd7xe5
11.Bf4xe5 a6
12.Bf1d3 Qd8g5
13.Bd3xf5 Qg5xf5
14.O-O f6
15.Be5h2 b5
16.b3 Bf8e7
17.dxc5 Be7xc5
18.b4 Bc5e7
19.Kh1 O-O
20.f3 e5
21.Qd1xd5 Kh8
22.e4 Qf5c8
23.Ra1c1 Ra8a7
24.Rf1d1 Ra7c7
25.Qd5b3 Rf8d8
26.Rd1xd8 Be7xd8
27.Bh2g1 Rc7c4
28.Bg1c5 Qc8b7
29.Qb3d1 Bd8b6
30.Bc5xb6 Qb7xb6
31.h4 Qb6c7
32.h5 Kh7
33.Qd1b3 g6
34.hxg6 Kxg6
35.a3 Qc7f7
36.Rc1d1 Qf7c7
37.Rd1c1 f5
38.exf5 Kxf5
39.Qb3c2 Kf6
40.Qc2d2 Rc4h4
41.Kg1 Qc7b6
42.Kf1 Rh4h1
43.Ke2 Rh1h2
44.Kf1 Qb6c6
45.Qd2d3 Rh2h1
46.Ke2 Rh1xc1
47.Qd3d8 Ke6
48.Qd8g8 Kf5
49.g4 Kf4
50.Qg8f7 Kg3
51.Qf7b3 Qc6xc3
52.Qb3xc3 Rc1xc3
{ abandon }0-1

[Event "Eq:Avalon-modesty :"]
[Site "www.echecsemail.com"]
[Date "2026.01.29"]
[Round "1"]
[White "Panchoa"]
[Black "Dedechecs"]
[WhiteElo "1640"]
[BlackElo "2210"]
[Result "0-1"]
1.e4 c5
2.Nb1c3 Nb8c6
3.Ng1f3 Ng8f6
4.Bf1b5 g6
5.O-O Bf8g7
6.Bb5xc6 dxc6
7.d3 O-O
8.d4 cxd4
9.Nf3xd4 Qd8c7
10.Nd4f3 Bc8g4
11.h3 Ra8d8
12.Qd1e2 Bg4xf3
13.Qe2xf3 Rf8e8
14.Bc1f4 Qc7b6
15.Qf3g3 Nf6h5
16.Qg3g5 Nh5xf4
17.Qg5xf4 Qb6xb2
18.Nc3e2 Qb2xc2
19.Ra1e1 Qc2xa2
20.e5 e6
21.Ne2g3 Qa2d5
22.h4 Qd5d2
23.Re1e3 a5
24.Ng3e4 Qd2b4
25.g3 Rd8d5
26.Re3f3 Qb4e7
27.Rf3e3 Bg7xe5
28.Qf4f3 Be5g7
29.Ne4g5 Rd5f5
30.Qf3e4 h6
31.Ng5h3 Re8d8
32.g4 Rd8d4
33.Qe4g2 Rf5d5
34.Qg2g3 Qe7b4
35.Qg3b8 Kh7
36.Re3f3 Rd4xg4
37.Rf3g3 Bg7e5
{ abandon }0-1

[Event "ZGOUGOU"]
[Site "www.echecsemail.com"]
[Date "2026.01.29"]
[Round "1"]
[White "Casisimed"]
[Black "Legrillon"]
[WhiteElo "1620"]
[BlackElo "1740"]
[Result "0-1"]
1.e4 e5
2.Ng1f3 Nb8c6
3.Nb1c3 Ng8f6
4.Bf1c4 Nf6xe4
5.Nc3xe4 d5
6.Bc4xd5 Qd8xd5
7.d3 f5
8.Ne4g5 h6
9.Ng5h3 g5
10.c4 Qd5c5
11.Nf3xg5 hxg5
12.Nh3xg5 Bc8d7
13.O-O O-O-O
14.Bc1e3 Qc5e7
15.Rf1e1 f4
16.Be3xf4 Qe7f6
17.Bf4e3 Bf8h6
18.Ng5e4 Qf6h4
19.Ne4c5 Bh6xe3
20.Re1xe3 Qh4xh2
21.Kf1 Qh2h1
22.Ke2 Bd7g4
23.f3 Qh1xg2
{ abandon }0-1

[Event "Eq:Avalon-LES CHATTERBOX :"]
[Site "www.echecsemail.com"]
[Date "2026.01.29"]
[Round "1"]
[White "Panchoa"]
[Black "Janolapin"]
[WhiteElo "1610"]
[BlackElo "1710"]
[Result "0-1"]
1.e4 d6
2.d4 e6
3.Nb1c3 Ng8e7
4.Bf1e2 Ne7g6
5.Ng1f3 Bf8e7
6.O-O O-O
7.e5 b6
8.Be2d3 Bc8b7
9.Nc3e4 dxe5
10.c3 exd4
11.cxd4 Nb8d7
12.Nf3g5 Nd7f6
13.Ne4xf6 Be7xf6
14.Qd1h5 h6
15.Ng5xe6 fxe6
16.Qh5xg6 Qd8xd4
17.Qg6h7 Kf7
18.Bd3g6 Ke7
19.Bc1e3 Qd4xb2
20.Be3xh6 Rf8h8
{ abandon }0-1

[Event "Tournoi n27420"]
[Site "www.echecsemail.com"]
[Date "2026.01.29"]
[Round "1"]
[White "Gognol"]
[Black "Luc20"]
[WhiteElo "1900"]
[BlackElo "1800"]
[Result "0-1"]
1.e4 e6
2.g3 Bf8c5
3.Bf1g2 e5
4.Ng1f3 d6
5.O-O Bc8g4
6.h3 Bg4h5
7.Nb1c3 Ng8e7
8.Nc3a4 Nb8d7
9.Qd1e1 a6
10.Na4xc5 Nd7xc5
11.d3 O-O
12.Nf3h4 f5
13.Bc1g5 Qd8d7
14.exf5 h6
15.Bg5d2 Bh5e8
16.g4 Ra8b8
17.b4 Nc5a4
18.Ra1b1 b5
19.Qe1e3 Be8f7
20.a3 Na4b6
21.Qe3g3 Nb6d5
22.Bg2e4 Nd5f6
23.g5 hxg5
24.Bd2xg5 Nf6h7
25.Bg5h6 g5
26.Bh6xf8 Kxf8
27.Nh4g6 Ke8
28.Qg3f3 Nh7f6
29.Ng6xe7 Kxe7
30.Rf1e1 Rb8h8
31.Be4b7 Rh8h4
32.Bb7c6 Qd7c8
33.Bc6e4 Qc8h8
34.Kg2 g4
35.hxg4 Rh4xg4
36.Kf1 Rg4f4
37.Qf3g3 Nf6xe4
38.Qg3e3 Qh8h1
{ abandon }0-1

[Event "Défi"]
[Site "www.echecsemail.com"]
[Date "2026.01.29"]
[Round "1"]
[White "Chessmat"]
[Black "Turbo"]
[WhiteElo "1299"]
[BlackElo "1340"]
[Result "1-0"]
1.e4 e5
2.Bf1c4 a6
3.a3 h6
4.Ng1f3 f6
5.Bc4a2 Bf8c5
6.d3 d6
7.Nf3h4 b5
8.Qd1h5 Kd7
9.Qh5f7 Ng8e7
10.Nh4f5 Rh8e8
11.Ba2e6 Kc6
12.Be6d5 Ne7xd5
13.Qf7xd5 Kb6
14.Qd5xa8 Bc8b7
15.Qa8xb7 Kxb7
16.Nb1c3 Re8g8
17.b4 Bc5d4
18.Bc1d2 Nb8c6
19.Ra1a2 Qd8e8
20.Nc3d5 Qe8g6
21.O-O Rg8e8
22.a4 bxa4
23.Ra2xa4 Qg6g4
24.Nf5xd4 exd4
25.b5 axb5
26.Rf1b1 Kc8
27.f3 Qg4g6
28.Ra4a8 Kd7
29.Ra8xe8 Qg6xe8
30.Rb1xb5 Ke6
31.Nd5xc7 { abandon }1-0

[Event "Tournoi n27421"]
[Site "www.echecsemail.com"]
[Date "2026.01.29"]
[Round "1"]
[White "Luc20"]
[Black "Nemesis"]
[WhiteElo "1830"]
[BlackElo "1809"]
[Result "0-1"]
1.d4 Ng8f6
2.Ng1f3 e6
3.c4 Bf8b4
4.Nb1c3 c5
5.a3 Bb4xc3
6.bxc3 Nb8c6
7.Bc1g5 Qd8a5
8.Bg5d2 O-O
9.a4 Nf6e4
10.Qd1c2 Ne4xd2
11.Qc2xd2 cxd4
12.cxd4 b6
13.e3 Bc8a6
14.Bf1d3 Nc6b4
15.Bd3e2 Nb4c2
16.Kd1 Qa5xd2
17.Kxd2 Nc2xa1
18.Rh1xa1 Ra8c8
19.Kc3 d5
20.Nf3d2 Rc8c7
21.Be2d3 Rf8c8
22.Ra1c1 dxc4
23.Bd3e4 Ba6b7
24.f3 g6
25.Kb4 c3
26.Nd2b1 Bb7xe4
27.fxe4 c2
28.Nb1a3 Rc7c3
29.Rc1xc2 Rc3xc2
30.Na3xc2 Rc8xc2
{ abandon }0-1

[Event "Défi( 10J+24H/c 10J Max )"]
[Site "www.echecsemail.com"]
[Date "2026.01.29"]
[Round "1"]
[White "Matsonic"]
[Black "Tunnellavage"]
[WhiteElo "1820"]
[BlackElo "1770"]
[Result "1-0"]
1.e4 e5
2.Ng1f3 Nb8c6
3.Bf1c4 Bf8c5
4.d3 Ng8f6
5.O-O h6
6.h3 d6
7.c3 a6
8.b4 Bc5a7
9.a4 Qd8e7
10.Rf1e1 Bc8e6
11.Bc4xe6 fxe6
12.Nf3h4 Qe7f7
13.Bc1e3 g5
14.Nh4f3 O-O-O
15.b5 Ba7xe3
16.bxc6 Be3a7
17.cxb7 Kxb7
18.Nb1a3 Rd8b8
19.d4 exd4
20.cxd4 Kc8
21.Ra1b1 Kd7
22.e5 Nf6d5
23.Qd1d2 Rh8f8
24.Rb1xb8 Ba7xb8
25.Re1e4 Nd5f4
26.Kh2 Qf7f5
27.Qd2e3 d5
28.Re4xf4 gxf4
29.Qe3e2 Ke7
30.Nf3h4 Qf5g5
31.Qe2g4 Qg5xg4
32.hxg4 Bb8a7
33.Nh4g6 Kf7
34.Ng6xf8 Kxf8
35.Na3c2 c5
36.dxc5 Ba7xc5
37.f3 d4
38.Nc2e1 Bc5b4
39.Ne1d3 Bb4d2
40.Nd3c5 Ke7
41.Nc5xa6 d3
42.Na6c5 { abandon }1-0